000 00940nam0a22002171i 4500
001 rc\661968
005 20240723202232.0
035 _a(NLR Aleph) 005901059
090 _a6277309
_c6277309
100 _a20031121d1986 u |0rusy50 ca
101 0 _arus
102 _aRU
105 _ay |||||||||
200 1 _aНаучно-техническое творчество рабочей молодежи ГДР и пути повышения его эффективности
_e(Полит.-экон. аспект)
_eАвтореф. дис. на соиск. учен. степ. канд. экон. наук
_e(08.00.01)
_fВысш. комс. шк. при ЦК ВЛКСМ, Специализир. совет по полит. экономии К.150.01.03
210 _aМ.
_d1986
215 _a23 с.
700 1 _aГерлофф
_bГ.
_gГюнтер
801 0 _aRU
_bNLR
_gpsbo
801 1 _aRU
_bELAR
_2rusmarc
852 _aNLR
_jА86/17476
942 _cBOOK